Statistics for Name the WW1 Country by Soldier Uniforms

Click here to take the quiz!

General Stats

  • This quiz has been taken 91 times
    (78 since last reset)
  • The average score is 7 of 16

Answer Stats

Answer% Correct
Austria-Hungary
85%
France
60%
German Empire
60%
Japan
56%
Australia
52%
UK
52%
USA
52%
Italy
40%
Russian Empire
40%
Ottoman Empire
38%
Serbia
38%
Bulgaria
25%
Belgium
21%
Greece
13%
Montenegro
13%
Hejaz
10%

Score Distribution

Percentile by Number Answered

Percent of People with Each Score

Your Score History

You have not taken this quiz since the last reset